Central Library OPAC University of Rajshahi

Shakespeare and the Renaissance concept of honor / (Record no. 55159)

MARC details
000 -LEADER
fixed length control field 00880nam a2200265 a 4500
001 - CONTROL NUMBER
control field 55159
003 - CONTROL NUMBER IDENTIFIER
rucl marc code BD-RjUL
005 - DATE AND TIME OF LATEST TRANSACTION
control field 20211209080226.0
008 - FIXED-LENGTH DATA ELEMENTS--GENERAL INFORMATION
fixed length control field 161114s1960 nju b 001 0 eng
035 ## - SYSTEM CONTROL NUMBER
System control number (BD-RjUL)55281
040 ## - CATALOGING SOURCE
Original cataloging agency DLC
Transcribing agency DLC
Modifying agency BD-RjUL
Language of cataloging eng
041 ## - LANGUAGE CODE
Language code of text/sound track or separate title eng
082 ## - DEWEY DECIMAL CLASSIFICATION NUMBER
Edition number 23
Classification number 822.33
Author mark and year WAS 1960
100 1# - MAIN ENTRY--PERSONAL NAME
Personal name Watson, Curtis Brown.
9 (RLIN) 164368
245 10 - TITLE STATEMENT
Title Shakespeare and the Renaissance concept of honor /
Statement of responsibility, etc. by Curtis Brown Watson.
246 30 - VARYING FORM OF TITLE
Title proper/short title Renaissance concept of honor
260 ## - PUBLICATION, DISTRIBUTION, ETC. (IMPRINT)
Place of publication, distribution, etc. Princeton, N.J. :
Name of publisher, distributor, etc. Princeton University Press,
Date of publication, distribution, etc. 1960.
300 ## - PHYSICAL DESCRIPTION
Pagination xv, 471 p. ;
Size 25 cm.
504 ## - BIBLIOGRAPHY, ETC. NOTE
Bibliography, etc Includes bibliographical references (p. 453-462) and index.
600 10 - SUBJECT ADDED ENTRY--PERSONAL NAME
Personal name Shakespeare, William,
Dates associated with a name 1564-1616
General subdivision Ethics.
650 #0 - SUBJECT ADDED ENTRY--TOPICAL TERM
Topical term or geographic name as entry element Renaissance
Geographic subdivision England.
9 (RLIN) 164370
Topical term or geographic name as entry element Honor in literature.
9 (RLIN) 164371
Topical term or geographic name as entry element Honor.
9 (RLIN) 164372
942 ## - ADDED ENTRY ELEMENTS (KOHA)
Source of classification or shelving scheme Dewey Decimal Classification
Koha item type Books
Holdings
Lost status Source of classification or shelving scheme Damaged status Not for loan Collection code Permanent Location Current Location Shelving location Date acquired Source of acquisition Cost, normal purchase price Total Checkouts Full call number Date last seen Copy number Koha item type
  Dewey Decimal Classification     Non-fiction Central Library, University of Rajshahi Central Library, University of Rajshahi   02/11/1968 Zeitlinger 114.00   822.33 WAS 1960 14/11/2016 C-2 Books